Statistics for May 3rd: Birthdays

Click here to take the quiz!

General Stats

  • This quiz has been taken 5 times
  • The average score is 3 of 8

Answer Stats

YearClueAnswer% Correct
1469Wrote The PrinceNiccolo Machiavelli
80%
1903Actor in White ChristmasBing Crosby
60%
1898Prime Minister of IsraelGolda Meir
60%
1933Artist of Living in AmericaJames Brown
40%
1956President of Toyota Motor CorporationAkio Toyoda
20%
1906Actress in DinkyMary Astor
0%
1964Conn Smyth winnerRon Hextall
0%
1921Boxer who is in the Boxing Hall of FameSugar Ray Robinson
0%

Score Distribution

Percentile by Number Answered

Percent of People with Each Score

Your Score History

You have not taken this quiz